Die 3 Top-Scorer pro Saison der 2. Bundesliga seit 2010 - Statistiken

Allgemein
  • Dieses Quiz wurde 78 mal gespielt
  • Das Durchschnittsergebnis liegt bei 23 aus 45
Antwortstatistiken
Saison # Scorer T V Verein Spieler % Korrekt
2. 26 19 7 Hamburger SV Robert Glatzel
94%
2. 31 22 9 Hamburger SV Robert Glatzel
94%
3. 22 16 6 VfL Bochum Simon Terodde
94%
2015/16 1. 33 25 8 VfL Bochum Simon Terodde
94%
2016/17 1. 31 25 6 VfB Stuttgart Simon Terodde
94%
2018/19 1. 36 29 7 1. FC Köln Simon Terodde
94%
3. 29 24 5 Hamburger SV Simon Terodde
94%
2021/22 1. 37 30 7 FC Schalke 04 Simon Terodde
94%
2017/18 1. 30 18 12 Holstein Kiel Marvin Ducksch
84%
3. 23 15 8 Hannover 96 Marvin Ducksch
84%
2. 31 21 10 Hannover 96/Werder Bremen Marvin Ducksch
84%
3. 27 19 8 SV Werder Bremen Niclas Füllkrug
80%
2022/23 1. 32 25 7 1. FC Heidenheim Tim Kleindienst
78%
2. 28 17 11 DSC Arminia Bielefeld Fabian Klos
68%
2019/20 1. 32 21 11 DSC Arminia Bielefeld Fabian Klos
68%
2010/11 1. 32 25 7 Energie Cottbus Nils Petersen
68%
3. 27 21 6 SC Freiburg Nils Petersen
68%
2. 27 18 9 SV Elversberg Fisnik Asllani
66%
3. 30 22 8 Hertha BSC Haris Tabakovic
66%
3. 25 9 16 Hamburger SV Jean-Luc Dompe
62%
2024/25 1. 28 13 15 Karlsruher SC Marvin Wanitzek
62%
2. 28 14 14 SC Freiburg Vincenzo Grifo
56%
2023/24 1. 31 22 9 Fortuna Düsseldorf Christos Tzolis
52%
3. 25 12 13 1. FC Heidenheim Jan-Niklas Beste
50%
2. 25 17 8 Eintracht Frankfurt Alexander Meier
48%
2. 24 11 13 1. FC Heidenheim Marc Schnatterer
46%
3. 22 19 3 Eintracht Braunschweig Dominik Kumbela
38%
2014/15 1. 29 7 22 FC Ingolstadt 04 Pascal Groß
32%
2. 25 17 8 Karlsruher SC Philipp Hofmann
32%
2020/21 1. 34 27 7 SV Darmstadt 98 Serdar Dursun
28%
2011/12 1. 26 17 9 SpVgg Greuther Fürth Olivier Occean
20%
2. 26 10 16 FC Ingolstadt 04 Sonny Kittel
20%
3. 23 16 7 SG Dynamo Dresden Stefan Kutschke
20%
2013/14 1. 24 12 12 1. FC Union Berlin Torsten Mattuschka
20%
3. 25 15 10 Hertha BSC Adrian Ramos
18%
3. 23 12 11 Holstein Kiel Dominick Drexler
14%
2012/13 1. 32 18 14 Hertha BSC Ronny
14%
2. 25 15 10 1. FC Heidenheim Florian Niederlechner
12%
2. 26 17 9 1. FC Kaiserslautern Mohamadou Idrissou
12%
2. 23 13 10 1. FC Kaiserslautern Mohamadou Idrissou
12%
3. 21 15 6 Erzgebirge Aue Jakub Sylvestr
10%
2. 30 15 15 VfL Bochum Robert Zulj
10%
3. 27 18 9 VfL Bochum Lukas Hintersser
8%
3. 24 11 13 Fortuna Düsseldorf Maximilian Beister
2%
2. 27 10 17 Alemannia Aachen Zoltan Stieber
2%
Keine übereinstimmenden Quizze gefunden
Verteilung der Resultate
Anzahl Personen mit jedem Resultat
Perzentil nach korrekt beantworteten Fragen
Ihre Resultats-Entwicklung
Sie haben dieses Quiz noch nicht gespielt